000 01248nam2a22002531 4500
001 RU\NLR\INFOCOMM55\1000060843
005 20250617121952.0
035 _a(NLR Aleph) 002597755
090 _a3416039
_c3416039
100 _a20040615d1951 |||y0rusy50 ca
101 0 _arus
102 _aRU
105 _ay |||||||||
200 1 _aНижнепермские аммониты Южного Урала
_aАммониты Сакмарского яруса
_hI
_fВ.Е. Руженцев
210 _d1951
_aБ. м.
461 0 _1001RU\NLR\INFOCOMM55\1000060778
_12001#$aТруды Палеонтологического института$fАкад. наук СССР$vТ.33
_93047996
_aПалеонтологический институт им. А. А. Борисяка (Москва)
_cМ.
_d1932 -
_fАкад. наук СССР
_nИзд-во Акад. наук СССР
_tТруды Палеонтологического института
_x0376-1444
_vТ.33
700 1 _4070
_7ca
_8rus
_aРуженцев
_bВ. Е.
_f1899-1978
_gВасилий Ермолаевич
_9246938
_3RU\NLR\AUTH\770246994
801 1 _aRU
_bInfoComm
_c20040615
801 0 _aRU
_bNLR
_gPSBO
852 _aNLR
_jП7/122
942 _cISSUE
980 _aNB
980 _aRUSPER